00416nam a22001217a 4500020001600000082001000016100001500026245012800041260003600169300002700205650003800232700002400270 qHard Cover. a624.1 aKhan, Noor aStudy of Hydration Kinetics and Volume Stability in Self-Compacting Cementitious System using Granite Powders /cNoor Khan. aIslamabad:bSCEE - NUST,c2017. a49 p. :bill. ;c30cm. aStructural Engineering MS-Thesis. aDr. Syed Ali Rizwan